000 00361nam a2200133Ia 4500
008 220204s9999 xx 000 0 und d
082 _a536.24
_bAFG
245 0 _aHeat exchangers: Design and theory source book
260 _aNew York
_bMcGraw Hill
_c1974
650 _aHeat transfer equipment
700 _aAfgan, N H
700 _aSchlunder, E V
942 _cBK
999 _c24011
_d24011